[Event "EU-ch (Women) 23rd"]
[Site "Petrovac"]
[Date "2023.03.26"]
[Round "8"]
[White "Javakhishvili, Lela"]
[Black "Radeva, Viktoria"]
[Result "1-0"]
[WhiteElo "2443"]
[BlackElo "2247"]
[PlyCount "85"]
[EventDate "2023.03.18"]
[EventType "swiss"]
[EventRounds "11"]
[EventCountry "MNE"]
[SourceTitle "CBM 213 Extra"]
[Source "ChessBase"]
[SourceDate "2023.05.31"]
[SourceVersion "1"]
[SourceVersionDate "2023.05.31"]
[SourceQuality "1"]

1. d4 d5 2. Nf3 Nf6 3. g3 Bf5 4. c4 e6 5. Nc3 c6 6. Nh4 Bg6 7. Qb3 Qb6 8. c5 Qxb3 9. axb3 Be7 10. Nxg6 hxg6 11. b4 0-0 12. e3 a6 13. b5 cxb5 14. Bxb5 Nc6 15. Bxc6 bxc6 16. Bd2 Rfb8 17. Ra2 Nd7 18. Ke2 Rb3 19. Rha1 Nb8 20. Kd1 Ra7 21. Kc2 Rab7 22. Ne2 Bd8 23. Nc1 R3b5 24. Nd3 f6 25. h4 Bc7 26. Bc3 Kf7 27. Ra4 Ke7 28. g4 Bd8 29. f3 Bc7 30. e4 Kf7 31. g5 Bg3 32. Rh1 Rd7 33. exd5 Rxd5 34. f4 e5 35. dxe5 Nd7 36. e6+ Kxe6 37. Re4+ Kf5 38. Re3 Bxf4 39. Rf1 fxg5 40. hxg5 Kxg5 41. Nxf4 Rf5 42. Ne6+ Kh4 43. Be1+ 1-0

[Event "EU-ch (Women) 23rd"]
[Site "Petrovac"]
[Date "2023.03.25"]
[Round "7"]
[White "Radeva, Viktoria"]
[Black "Mammadova, Gulnar Marfat Qizi"]
[Result "1/2-1/2"]
[WhiteElo "2247"]
[BlackElo "2358"]
[PlyCount "123"]
[EventDate "2023.03.18"]
[EventType "swiss"]
[EventRounds "11"]
[EventCountry "MNE"]
[SourceTitle "CBM 213 Extra"]
[Source "ChessBase"]
[SourceDate "2023.05.31"]
[SourceVersion "1"]
[SourceVersionDate "2023.05.31"]
[SourceQuality "1"]

1. e4 e5 2. Nf3 Nc6 3. Bc4 Nf6 4. d3 Bc5 5. 0-0 d6 6. c3 a6 7. a4 h6 8. Nbd2 Ba7 9. Re1 0-0 10. h3 Be6 11. Bxe6 fxe6 12. Nf1 Qe8 13. Be3 Bxe3 14. Rxe3 Nh5 15. b4 Qf7 16. Ra2 Nf4 17. Kh2 d5 18. d4 exd4 19. Nxd4 e5 20. Nxc6 d4 21. Rg3 Qxa2 22. Qg4 g5 23. Nxe5 Qxf2 24. Rf3 Qe2 25. Ng6 Qxe4 26. Nxf8 Rxf8 27. Ng3 Qd5 28. cxd4 Qxd4 29. Nh5 Qe5 30. Kh1 Nxh5 31. Rxf8+ Kxf8 32. Qxh5 Kg7 33. Qd1 Qd6 34. Qa1+ Kg6 35. Qb1+ Kf6 36. a5 Ke5 37. b5 axb5 38. Qxb5+ Qd5 39. Qe8+ Kd4 40. Qa4+ Qc4 41. Qd7+ Kc3 42. Qg7+ Kb4 43. Qb2+ Qb3 44. Qd4+ Qc4 45. Qb2+ Kxa5 46. Qxb7 h5 47. Qa7+ Kb4 48. Qb7+ Kc3 49. Qf3+ Kd2 50. Qf2+ Qe2 51. Qd4+ Qd3 52. Qb2+ Kd1 53. Qa1+ Kc2 54. Qa2+ Kc1 55. Qa1+ Qb1 56. Qc3+ Qc2 57. Qa1+ Kd2 58. Qd4+ Ke2 59. Qe5+ Kf1 60. Qa1+ Kf2 61. Qd4+ Ke2 62. Qe5+ 1/2-1/2